000 00646nam a2200241Ia 4500
008 160803s9999 xx 000 0 und d
020 _a0 439385946
100 _aCleary, Beverly
245 _aHenry and Beezus /
245 _cBeverly Cleary ; illustrated by Louis Darling.
260 _aNew York :
260 _bScholastic Inc.
260 _c2002
300 _a192 pages :
300 _billustrations :
300 _c21 cm.
500 _aOriginally published: New York : HarperCollins Children's Books, c1952.
650 _aDogs --
650 _aFriendship --
650 _xFiction.
650 _xFiction.
700 _a730
999 _c298662
_d298662